000 00354nam a2200145Ia 4500
008 090123s9999 xx 000 0 und d
082 _b37926
245 _aसुगंध
250 _a1
260 _bजगताप कारले प्रकाशन
300 _a75
630 _aसुगंध
730 _aसुगंध
942 _cBOOK
999 _c75998
_d75998